| 000 | 02307nam0a22004091 4500 | ||
|---|---|---|---|
| 001 | rc\937333 | ||
| 005 | 20260503053540.0 | ||
| 035 | _a(NLR Aleph) 006110088 | ||
| 090 |
_a5349664 _c5349664 |
||
| 100 | _a20041129d1982 |||y0rusy50 ca | ||
| 101 | 0 | _arus | |
| 102 | _aRU | ||
| 105 | _aa ||||||||| | ||
| 200 | 1 |
_aСудома-гора _eПовесть и рассказы _fПавел Васильев _g[Худож. А. Гасников] |
|
| 210 |
_aЛ. _cСов. писатель. Ленингр. отд-ние _d1982 |
||
| 215 |
_a264 с. _cил. _d22 |
||
| 327 | 1 | _aСодерж.: От прямого и обратного: Повесть; Рассказы: Фокус-покус; Не надо!; По деревне шла и пела; Голова садовая; Над широкой рекой; Судома-гора; Такое простое средство; Колотый; Небольшая история; Письмо; Встреча; Днем осенним, ветреным | |
| 464 | 0 |
_12001#$aОт прямого и обратного _tОт прямого и обратного |
|
| 464 | 0 |
_12001#$aФокус-покус _tФокус-покус |
|
| 464 | 0 |
_12001#$aНе надо! _tНе надо! |
|
| 464 | 0 |
_12001#$aПо деревне шла и пела _tПо деревне шла и пела |
|
| 464 | 0 |
_12001#$aГолова садовая _tГолова садовая |
|
| 464 | 0 |
_12001#$aНад широкой рекой _tНад широкой рекой |
|
| 464 | 0 |
_12001#$aСудома-гора _tСудома-гора |
|
| 464 | 0 |
_12001#$aТакое простое средство _tТакое простое средство |
|
| 464 | 0 |
_12001#$aКолотый _tКолотый |
|
| 464 | 0 |
_12001#$aНебольшая история _tНебольшая история |
|
| 464 | 0 |
_12001#$aПисьмо _tПисьмо |
|
| 464 | 0 |
_12001#$aВстреча _tВстреча |
|
| 464 | 0 |
_12001#$aДнем осенним, ветреным _tДнем осенним, ветреным |
|
| 700 | 1 |
_aВасильев _bП. А. _cписатель _f1929-1990 _gПавел Александрович _9127942 _3RU\NLR\AUTH\770127968 |
|
| 801 | 0 |
_aRU _bNLR _gpsbo |
|
| 801 | 1 |
_aRU _bELAR _2rusmarc |
|
| 852 |
_aNLR _j82-3/4161 |
||
| 942 | _cBOOK | ||
| 980 | _aNB | ||